000 00726nam a22002177a 4500
001 82681
003 UA-OsUOA
005 20211014201250.0
007 ta
008 20120315b un ||||| |||| 00| 0 ukr d
040 _aUA-OsUOA
_brus
_cUA-OsUOA
_dUA-OsUOA
041 _arus
080 _a811.161.1
090 _a811.161.1
_bР89
245 _aРусская историческая лексикология
_cред. кол. : Бархударов С. Г., Веселитский В. В., Филин Ф. П.
260 _aМ.
_bНаука
_c1968
300 _a261 с.
650 7 _a8 Мовознавство. Художня література. Літературознавство
_2UDC
942 _cBK
_2udc
955 _a2
999 _c368994
_d368994